000 00823nas a2200277 4500
001 BR9502928
003 BR-BrBNA
005 20231205094033.0
007 ta
008 230509b bl.|||p| |||| 00| 00por d
040 _aBR-BrBNA
_bpor
_cBiblioteca Nacional de Agricultura
041 _a(Pt)
072 _aF62
100 1 _aRamos, A.
100 1 _aBianchetti, A.
100 1 _aFarias, G.L.
100 1 _aMendes, J.B.
245 1 _aInfluencia de tipos de coberturas na emergencia, sobrevivencia e altura de mudas de canafistula
650 _aCanafistula
650 _aCobertura Vegetal
650 _aSemeadura
650 _aMuda
773 0 _tBoletim de Pesquisa Florestal (Brazil)
_xISSN 0101-1057
_g(Dec 1981), no. 3 p. 77-86
_wBR9502928
909 _a202311
_bLúcia
_c55
_dLúcia Elande
942 _2AGRIS
_n0
_cANA
999 _c141692
_d141692